000 00765nam a22002177a 4500
999 _c17940
_d17940
003 AR-CdUCM
008 190510b ||||| |||| 00| 0 spa d
040 _aMUNICIPALIDAD PROVINCIAL DEL CUSCO
_cBIBLIOTECA MUNICIPAL DEL CUSCO
082 _a621.38 /
_bS21
100 _aSanborn, Paul
_938213
245 _aTransistores instrucción programadada /
260 _aMéxico :
_bBell,
_c1973,
300 _a479 páginas ;
_bGráficos
_c25 cm.
505 _aContenido : Transistor -- Los semiconductores y la juntura PN -- Amplificadores -- Circuitos con transistores...
650 _aPrincipios físicos
_938214
650 _aMatematica
_920026
650 _aTransistores en general
_938215
700 _aLafulla, Jaime
_938216
942 _2ddc
_cLIBROS
945 _arcc